00593nam a22001811a 4500003000400000005001700004008004100021020000900062040004100071050002400112100002700136245006300163260003400226300001800260500007000278600003200348600003100380OSt20110718133202.0091005s1996 001 0 eng d c0.00 aNEGST Library - KenyabDLCcDLCdDLC 4aREF BS 325.F34 19961 aBible League of Ghana.10aNa'ayene Gonpaalom : bFarefare New Testament of the Bible bBible League of Ghana,c1996. a673 p. : map. a"Frafra language of Ghana, West Africa." - T.p. verso. [Africana]10aBible. N.T. Farefare. 1986.10aFarefare language - Texts.